Partyless democracy: remembering Mahatma Gandhi and JP (Record no. 88052)

000 -LEADER
fixed length control field 00438pab a2200169 454500
008 - FIXED-LENGTH DATA ELEMENTS--GENERAL INFORMATION
fixed length control field 180718b2010 xxu||||| |||| 00| 0 eng d
100 ## - MAIN ENTRY--PERSONAL NAME
Personal name Sharan, Shree Shankar
245 ## - TITLE STATEMENT
Title Partyless democracy: remembering Mahatma Gandhi and JP
260 ## - PUBLICATION, DISTRIBUTION, ETC.
Date of publication, distribution, etc. 2010
300 ## - PHYSICAL DESCRIPTION
Extent p.9-11.
362 ## - DATES OF PUBLICATION AND/OR SEQUENTIAL DESIGNATION
Dates of publication and/or sequential designation 2 Oct
650 ## - SUBJECT ADDED ENTRY--TOPICAL TERM
Topical term or geographic name entry element India - Politics and government
650 ## - SUBJECT ADDED ENTRY--TOPICAL TERM
Topical term or geographic name entry element Politics and government
773 ## - HOST ITEM ENTRY
Main entry heading Mainstream
908 ## - PUT COMMAND PARAMETER (RLIN)
Put command parameter N
909 ## -
-- 88052
Holdings
Withdrawn status Lost status Damaged status Not for loan Permanent Location Current Location Date acquired Serial Enumeration / chronology Barcode Date last seen Price effective from Koha item type
        Indian Institute of Public Administration Indian Institute of Public Administration 2018-07-19 Volume no: 48, Issue no: 41 AR88512 2018-07-19 2018-07-19 Articles

Powered by Koha